The weirdown experiment

Bibliographic Details
Main Author: HILDICK, Wallace
Format: Book
Published: Bath : Chivers Press , 1988

MARC

LEADER 00000cam a2200000 7i4500
001 0000000663
002 000000758
005 20000330.0
020 |a 0859979423 
090 0 0 |a F   |b HIL 
100 1 |a HILDICK, Wallace 
245 1 4 |a The weirdown experiment   |c Wallace Hildick 
260 |a Bath :   |b Chivers Press ,   |c 1988 
300 |a 234 p. ;   |c 20 cm. 
999 |a 030504   |b BUKU   |c FICTION   |e PERPUSTAKAAN KOMUNITI PETALING JAYA